| 000 | 00614nam a22002297a 4500 | ||
|---|---|---|---|
| 005 | 20170124110104.0 | ||
| 010 | _aA-543355 | ||
| 020 | _c00.00 | ||
| 035 | _aA-543355 | ||
| 037 | _bCen Lib/Ret | ||
| 040 |
_aDPL _bEN |
||
| 082 |
_aN _bBLY |
||
| 100 |
_aBlyton's, Evid _927827 |
||
| 245 |
_aLast term of malory tower / _cby Evid Blyton's |
||
| 260 |
_aLondon _bMethuen childern's book |
||
| 270 |
_bNew Delhi _a3rd floor, New south wealth house, 15 adam street |
||
| 300 |
_a146p. _c17cm(Hb) |
||
| 650 |
_aLiterature _96262 |
||
| 650 |
_aNovel _922513 |
||
| 700 | _927481 | ||
| 942 |
_2ddc _cEN _hN _mBLY |
||
| 999 |
_c129933 _d129933 |
||